000 00597nam a22001817a 4500
020 _qHard Cover.
082 _a621.3
100 _aJamil, Asfa
245 _aReal Time Airborne Collision Avoidance Using Multiple Quadcopters /
_cAsfa Jamil
260 _aIslamabad :
_bSEECS - NUST,
_c2019.
300 _aVar. : ill. ;
_c30cm.
563 _aHBK
650 _aElectrical Engineering-Project Report
_930780
700 _aDr. Wajahat Hussain.
_930759
856 _uhttp://10.250.8.41:8080/xmlui/handle/123456789/18540
942 _2ddc
_cPR
999 _c535861
_d535861